000170573 001__ 170573 000170573 005__ 20260429150228.0 000170573 037__ $$aTAZ-TFM-2025-1521 000170573 041__ $$aspa 000170573 1001_ $$aMora Pascual, Daniel 000170573 24200 $$aDesign and implementation of a psychosocial risk prevention. 000170573 24500 $$aDiseño e implementación de un protocolo de Prevención de Riesgos Psicosociales. 000170573 260__ $$aZaragoza$$bUniversidad de Zaragoza$$c2025 000170573 506__ $$aby-nc-sa$$bCreative Commons$$c3.0$$uhttp://creativecommons.org/licenses/by-nc-sa/3.0/ 000170573 520__ $$aEl presente Trabajo Fin de Máster, titulado “Diseño e implementación de un protocolo de prevención de riesgos psicosociales”, tiene como objetivo elaborar una herramienta práctica y adaptable que permita a las organizaciones, especialmente a las pequeñas y medianas empresas, identificar, evaluar y gestionar de forma sistemática los factores psicosociales que afectan al bienestar y la salud mental de los trabajadores. A través de una metodología mixta —basada en la revisión normativa y científica, el diagnóstico organizacional y el diseño aplicado— se desarrolla un protocolo estructurado en cinco fases: diagnóstico inicial, plan de prevención, redacción, implementación y mejora continua. El trabajo integra los marcos legales nacionales e internacionales (Ley 31/1995, ISO 45003:2021, OIT, OMS, UE) y propone medidas preventivas en tres niveles: primario, secundario y terciario. Los resultados destacan la importancia de consolidar una cultura preventiva que promueva entornos laborales seguros, saludables y emocionalmente sostenibles, subrayando que la gestión adecuada de los riesgos psicosociales contribuye no solo al bienestar de las personas trabajadoras, sino también a la productividad y sostenibilidad de las organizaciones.<br /> 000170573 521__ $$aMáster Universitario en Prevención de Riesgos Laborales 000170573 540__ $$aDerechos regulados por licencia Creative Commons 000170573 691__ $$a0 000170573 692__ $$a 000170573 700__ $$aMoral Martín, José David$$edir. 000170573 7102_ $$aUniversidad de Zaragoza$$b $$c 000170573 8560_ $$f720684@unizar.es 000170573 8564_ $$s1305392$$uhttps://zaguan.unizar.es/record/170573/files/TAZ-TFM-2025-1521.pdf$$yMemoria (spa) 000170573 909CO $$ooai:zaguan.unizar.es:170573$$pdriver$$ptrabajos-fin-master 000170573 950__ $$a 000170573 951__ $$adeposita:2026-04-29 000170573 980__ $$aTAZ$$bTFM$$cDER 000170573 999__ $$a20251007162329.CREATION_DATE